Texas A&M Football Records - Statistics

General Stats
  • This quiz has been taken 23 times
  • The average score is 14 of 50
Answer Stats
Statistic # Year Answer % Correct
Single Season Passing Yards 4,114 2013 Johnny Manziel
91%
Career Passing Yards 9,661 2017-20 Kellen Mond
86%
Season Passing TD's 37 2013 Johnny Manziel
77%
Career Passing TD's 71 2017-20 Kellen Mond
73%
Season Rushing TD's 21 2012 Johnny Manziel
55%
Most Points in a Game 74-72 (7OT) 2018 (6) LSU
50%
Season Total Offense Yards 5,116 2012 Johnny Manziel
50%
Career Total TD's 93 2012-13 | 2017-20 Johnny Manziel | Kellen Mond
50%
Single Game Passing Yards 511 2014 (SC) Kenny Hill
50%
Highest Ranked Win AP 1 2021 (1) Alabama
45%
Single Season Total TD's 47 2012 Johnny Manziel
45%
Career Total Offense Yards 11,269 2017-20 Kellen Mond
45%
Single Game Receiving Yards 287 2013 (AUB) Mike Evans
45%
Single Season Rushing Yards 1,760 2018 Trayveon Williams
45%
Single Season Receiving Yards 1,394 2013 Mike Evans
41%
Single Game Receiving TD's 4 2011 (BAY)/ 2013 (AUB) Ryan Swope | Mike Evans
41%
Career Receptions 252 2009-12 Ryan Swope
36%
Single Season Receptions 89 2011 Ryan Swope
36%
Punt Return Yards 836 2019-23 Ainias Smith
32%
Season Coaching wins 11-2 2012 Kevin Sumlin
32%
Most Attended Game 110,633 2014 Ole Miss
32%
Career Receiving Yards 3,117 2009-12 Ryan Swope
32%
Most Bowl Games 11 1989-02 R.C. Slocum
27%
Longest winning streak 26 1992-94 R.C. Slocum
27%
Single Game Sacks 5.0 1987 (HOU) | 2016 (UTSA) Alex Morris | Myles Garrett
23%
Career Coaching Wins 123-47 1989-02 R.C. Slocum
23%
Career FG's Made 71 2018-2021 Seth Small
23%
Career Rushing Yards 5,012 1987-90 Darren Lewis
18%
Career Tackles 517 1995-98 Dat Nguyen
18%
Single Game Passing TD's 7 2002 (TTU) Dustin Long
18%
Single Season Receiving TD's 13 2014 Josh Reynolds
18%
Career Receiving TD's 34 2008-11 Jeff Fuller
14%
Career Rushing TD's 49 2005-08 Jorvorskie Lane
14%
Career FG% 84.0% 2012-2014 Josh Lambo
14%
Single Season FG's Made 29 2011 Randy Bullock
14%
Kick Return Yards 1,684 2012-14 Trey Williams
14%
Single Game Rushing Yards 297 1950 (SMU) Bob Smith
9%
Single Game Total TD's 7 1926 (UNM) | 2002 (TTU) "Jelly" Woodman | Dustin Long
9%
Career INT's 20 1988-91 Kevin Smith
9%
Career Sacks 42.0 1986-89 Aaron Wallace
5%
Single Game Receptions 18 1996 (COLO) Albert Connell
5%
Single Season Sacks 20.0 1979 Jacob Green
5%
Single Game Rushing TD's 7 1926 (UNM) "Jelly" Woodman
5%
Single Game FG's Made 6 1983 (ARST) | 2015 (VANDY) Alan Smith | Taylor Bertolet
0%
Single Season INT's 10 1941 Bill Sibley
0%
Single Season Tackles 157 1978 Doug Carr
0%
Single Game INT's 4 1952 (ARK) Joe Boring
0%
Single Game Total Offense Yards 576 2012 (LTU) Johnny Maziel
0%
Single Game Tackles 24 1985 (SMU) | 1990 (BAY) Larry Kelm | Larry Horton
0%
Single Season FG% 92.3% 2004 Todd Pegram
0%
No matching quizzes found
Score Distribution
Percent of People with Each Score
Percentile by Number Answered
Your Score History
You have not taken this quiz